The tipping point : (Record no. 20183)
[ view plain ]
| 000 -LEADER | |
|---|---|
| fixed length control field | 01109cam a22003015a 4500 |
| 001 - CONTROL NUMBER | |
| control field | 010975349 |
| 005 - DATE AND TIME OF LATEST TRANSACTION | |
| control field | 20201128021411.0 |
| 008 - FIXED-LENGTH DATA ELEMENTS--GENERAL INFORMATION | |
| fixed length control field | 001102s2001 enka frb 001 0 eng d |
| 020 ## - INTERNATIONAL STANDARD BOOK NUMBER | |
| International Standard Book Number | 9780349113463 |
| 040 ## - CATALOGING SOURCE | |
| Original cataloging agency | StDuBDS |
| Language of cataloging | eng |
| Modifying agency | Uk |
| -- | EG-ScBUE |
| -- | EG-ScBUE |
| 082 04 - DEWEY DECIMAL CLASSIFICATION NUMBER | |
| Classification number | 302 |
| Item number | GLA |
| Edition number | 22 |
| 100 1# - MAIN ENTRY--PERSONAL NAME | |
| Personal name | Gladwell, Malcolm, |
| Dates associated with a name | 1963- |
| 9 (RLIN) | 38953 |
| 245 14 - TITLE STATEMENT | |
| Title | The tipping point : |
| Remainder of title | how little things can make a big difference / |
| Statement of responsibility, etc | Malcolm Gladwell. |
| 260 ## - PUBLICATION, DISTRIBUTION, ETC. (IMPRINT) | |
| Place of publication, distribution, etc | London : |
| Name of publisher, distributor, etc | Abacus / Little Brown Book Group, |
| Date of publication, distribution, etc | 2001. |
| 300 ## - PHYSICAL DESCRIPTION | |
| Extent | 279 p. ; |
| Dimensions | 20 cm. |
| 500 ## - GENERAL NOTE | |
| General note | Originally published : London : Little, Brown, 2000. |
| 500 ## - GENERAL NOTE | |
| General note | "How little things can make a big difference" |
| 500 ## - GENERAL NOTE | |
| General note | Cover : " 'Intelligent, articulate, thought-provoking' OBSERVER". |
| 500 ## - GENERAL NOTE | |
| General note | Index : p. 273-279. |
| 504 ## - BIBLIOGRAPHY, ETC. NOTE | |
| Bibliography, etc | Bibliography : p. 260-270. |
| 650 #7 - SUBJECT ADDED ENTRY--TOPICAL TERM | |
| Topical term or geographic name as entry element | Social psychology. |
| Source of heading or term | BUEsh |
| 9 (RLIN) | 9682 |
| 650 #7 - SUBJECT ADDED ENTRY--TOPICAL TERM | |
| Topical term or geographic name as entry element | Causation. |
| Source of heading or term | BUEsh |
| 9 (RLIN) | 703 |
| 650 #0 - SUBJECT ADDED ENTRY--TOPICAL TERM | |
| Topical term or geographic name as entry element | Context effects (Psychology) |
| Source of heading or term | BUEsh |
| 650 #0 - SUBJECT ADDED ENTRY--TOPICAL TERM | |
| Topical term or geographic name as entry element | Contagion (Social psychology) |
| Source of heading or term | BUEsh |
| 651 ## - SUBJECT ADDED ENTRY--GEOGRAPHIC NAME | |
| Source of heading or term | BUEsh |
| 653 ## - INDEX TERM--UNCONTROLLED | |
| Resource For college | BAEPS, Business Administration |
| Arrived date list | July2015 |
| -- | December2015 |
| -- | January2016 |
| 942 ## - ADDED ENTRY ELEMENTS (KOHA) | |
| Source of classification or shelving scheme | Dewey Decimal Classification |
| Withdrawn status | Lost status | Source of classification or shelving scheme | Damaged status | Not for loan | Koha collection | Home library | Current library | Shelving location | Date acquired | Source of acquisition | Cost, normal purchase price | Serial Enumeration / chronology | Total Checkouts | Total Renewals | Full call number | Barcode | Date last seen | Date last borrowed | Cost, replacement price | Koha item type |
|---|---|---|---|---|---|---|---|---|---|---|---|---|---|---|---|---|---|---|---|---|
| Dewey Decimal Classification | Baccah | Central Library | Central Library | First floor | 05/07/2015 | Purchase | 170.00 | 22696 | 5 | 40 | 302 GLA | 000038902 | 15/07/2025 | 04/02/2024 | 213.00 | Book - Borrowing |